000
00248nam a2200109Ia 4500
008
210430s9999 xx 000 0 und d
082
_a
951.9 K841A
245
2
_a
A Handbook Of Korea
260
_a
Korea
_c
1978
300
_a
825p.
942
_c
BK
_2
ddc
999
_c
565582
_d
565582